Lawyers USA

Bibliographic Details
Format: Unknown
Language:English
Published: United States : Dolan Media Company
Subjects:
Online Access:Acceso restringido

MARC

LEADER 00000ny a22000003n 4500
005 20110512141355.0
008 c us p s # eng#d
022 |a 1931-9584 
035 |a 4038 
040 |d vlex 
090 |c 1800  |d 1800 
245 3 0 |a Lawyers USA  |h [Recurso electrn̤ico] 
256 |a Servicio en ln̕ea 
260 |a United States :  |b Dolan Media Company 
310 |a Quincenal 
506 1 |a Contenido solo disponible en los productos indicados  |d vLex Global  |d vLex Global (Academic Edition, excluding Law Schools)  |d vLex Global (U.S. Academic Edition, excluding Law Schools) 
650 0 4 |a Abogados  |x Derecho  |z Estados Unidos  |x Publicaciones perid̤icas 
740 0 |a vLex Revista (Servicios en ln̕ea) 
843 |a Electrn̤ica. Abierta 
853 |8 1  |i (year)  |j (month)  |k (day) 
856 4 0 |u http://vlex.com/source/4038  |z Acceso restringido 
942 |c REV